000 00283nam a22000977a 4500
999 _c515227
_d515227
082 _aTNC T39 As39
100 _aAshworth, William
_920451
245 _aThe short history of the international economy 1850- 1950
_cby William Ashworth
260 _aLondon
_bLongmans
_c1952
300 _a256p.